000 00578 a2200133 4500
082 _aMS-IT-8
100 _aAbid Hussain
_9106000
245 _aLow data rate and energy efficient radio frequency jamming attack considering the effect of data rate and packet size in 802.11b networks
_cAbid Hussain
260 _aIslamabad:
_bNUST School of Electrical Engineering & Computer Science,
_c2010.
300 _ax, 51 p. :
_bill. ;
_c27 cm.
500 _aSupervisor : Dr. Nazar Abbas Saqib.
856 _uhttp://10.250.8.41:8080/xmlui/handle/123456789/31251
942 _cPR
_kMS-IT 8 ABI
_2ddc
999 _c10153
_d10153